000 00461nam a22001817a 4500
003 OSt
008 240513b |||||||| |||| 00| 0 eng d
020 _a9788176603867
082 _a615.321 GAT
100 _aGAWAI, Ashish.A
245 _aTextbook of Quality Control and Standardization of Herbals
250 _a1st
260 _aPune
_bEverest
_c2023
300 _a272
650 _aHARBAL DRUG TECHNOLOGY
700 _aWAYAL, Sandesh.R
942 _2ddc
_cBK
999 _c12691
_d12691